Управленческие решения: учебник

Dettagli Bibliografici
Autore principale: Балдин К. В. Константин Васильевич
Altri autori: Воробьев С. Н. Сергей Николаевич, Уткин В. Б. Владимир Борисович
Riassunto:Учебник содержит систематизированное изложение методологических, организационных и технологических основ принятия управленческих решений должностными лицами в экономике. Материалы учебника подготовлены авторами на основе текстов лекций и учебных пособий по результатам многолетнего преподавания студентам различных форм обучения ряда учебных дисциплин: "Разработка управленческих решений", "Управление персоналом" и "Информационные технологии управления". В учебнике большое внимание уделено математическим основам процесса разработки управленческих решений, описанию конкретных технологий разработки решений в условиях определенности по скалярному и векторному показателям, а также в условиях стохастической, природной и поведенческой неопределенности. Особое значение учебнику придают организационно-технологические вопросы автоматизации технологии информационного обследования управленческой деятельности и основы разработки и использования систем поддержки и принятия решений деятельности должностных лиц аппарата управления предприятием. Для студентов высших учебных заведений, обучающихся по специальности 061100 "Менеджмент организации", а также аспирантов, молодых преподавателей и научных сотрудников, занимающихся решением перечисленных проблем.
Lingua:russo
Pubblicazione: Москва, Дашков и К, 2007
Edizione:4-е изд.
Soggetti:
Natura: Libro
KOHA link:https://koha.lib.tpu.ru/cgi-bin/koha/opac-detail.pl?biblionumber=120483

MARC

LEADER 00000nam0a2200000 4500
001 120483
005 20231031125030.0
010 |a 591131360X 
035 |a (RuTPU)RU\TPU\book\130463 
035 |a RU\TPU\book\75082 
090 |a 120483 
100 |a 20041124d2007 m y0rusy50 ca 
101 0 |a rus 
102 |a RU 
105 |a a j 001zy 
200 1 |a Управленческие решения  |e учебник  |f К. В. Балдин, С. Н. Воробьев, В. Б. Уткин 
205 |a 4-е изд. 
210 |a Москва  |c Дашков и К  |d 2007 
215 |a 496 с.  |c ил. 
320 |a Библиогр.: с. 490-494. 
330 |a Учебник содержит систематизированное изложение методологических, организационных и технологических основ принятия управленческих решений должностными лицами в экономике. Материалы учебника подготовлены авторами на основе текстов лекций и учебных пособий по результатам многолетнего преподавания студентам различных форм обучения ряда учебных дисциплин: "Разработка управленческих решений", "Управление персоналом" и "Информационные технологии управления". В учебнике большое внимание уделено математическим основам процесса разработки управленческих решений, описанию конкретных технологий разработки решений в условиях определенности по скалярному и векторному показателям, а также в условиях стохастической, природной и поведенческой неопределенности. Особое значение учебнику придают организационно-технологические вопросы автоматизации технологии информационного обследования управленческой деятельности и основы разработки и использования систем поддержки и принятия решений деятельности должностных лиц аппарата управления предприятием. Для студентов высших учебных заведений, обучающихся по специальности 061100 "Менеджмент организации", а также аспирантов, молодых преподавателей и научных сотрудников, занимающихся решением перечисленных проблем. 
451 1 |0 (RuTPU)RU\TPU\book\160500  |y 978-5-91131-789-8  |t Управленческие решения  |o учебник  |f К. В. Балдин, С. Н. Воробьев, В. Б. Уткин  |e 5-е изд.  |c М.  |n Дашков и К  |d 2008  |p 496 с.  |a Балдин, Константин Васильевич 
451 1 |0 (RuTPU)RU\TPU\book\75082  |y 5-94798-712-0  |t Управленческие решения  |o учебник  |f К. В. Балдин, С. Н. Воробьев, В. Б. Уткин  |e 2-е изд.  |c М.  |n Дашков и К  |d 2006  |p 496 с.  |a Балдин, Константин Васильевич 
610 1 |a экономика 
610 1 |a управление 
610 1 |a управленческие решения 
610 1 |a принятие решений 
610 1 |a менеджмент 
610 1 |a разработка 
610 1 |a базовые задачи 
610 1 |a эффективность 
610 1 |a контроль 
610 1 |a предпочтения 
610 1 |a моделирование 
610 1 |a условия определенности 
610 1 |a технологии 
610 1 |a методы 
610 1 |a условия неопределенности 
610 1 |a управленческая деятельность 
610 1 |a автоматизация 
610 1 |a системы поддержки принятия решений 
610 1 |a информационные системы 
610 1 |a экспертные системы 
610 1 |a информационные технологии 
610 1 |a учебники 
686 |a У9(2)212.8я73  |v LBC/SL-A  |2 rubbk 
700 1 |a Балдин  |b К. В.  |g Константин Васильевич 
701 1 |a Воробьев  |b С. Н.  |g Сергей Николаевич 
701 1 |a Уткин  |b В. Б.  |g Владимир Борисович 
801 1 |a RU  |b 63413507  |c 20070829  |g PSBO 
801 2 |a RU  |b 63413507  |c 20210422  |g PSBO 
900 |a Управленческие решения 
900 |a Управленческая экономика 
900 |a Разработка управленческих решений 
900 |a Разработка управленческого решения 
942 |c BK 
959 |a 51/20070829  |d 2  |e 176,00  |f АНЛ:1  |f ЧЗГЛ:1